000 00567cam a2200205 4500
001 B1411
008 090401t1981 xxu||||| |||| 00| 0 eng d
035 _a(Sirsi) u44294
041 _aeng
050 _a333.33709424
110 _aElliott Son and Boyton
_92243
245 _aOffice survey of the West Midlands . - Autumn 1981
260 _aBirmingham
_bEliott Son and Boyton
_c1981
300 _a1 folded sheet : ill. ; 60x42cm. folded to 21x30cm.
350 _a0
650 _aFLOORSPACE STATISTICS
650 _aOFFICES
942 _n0
948 _c04/03/1997
999 _c91480
_d91480